|
|
|
|
| LEADER |
00000nam a2200000 a 4500 |
| 001 |
vtls001331197 |
| 003 |
SK-MaSNL |
| 005 |
20260301114351.0 |
| 008 |
160208s1928 xr 0 cze |
| 020 |
|
|
|c b.c.
|
| 035 |
|
|
|a SNK000284074
|
| 035 |
|
|
|a urn:nbn:sk:snk-amkhpv
|
| 035 |
|
|
|a urn:nbn:sk:snk-am008gqm
|
| 035 |
|
|
|a AF370156-E4C1-4DEC-B34D-0E3976E9335D
|
| 040 |
|
|
|a SNK
|b slo
|c SNK
|e AACR2
|
| 041 |
0 |
|
|a cze
|
| 044 |
|
|
|a CZ
|
| 080 |
|
|
|a 348.73"1926"
|2 1981
|
| 245 |
0 |
0 |
|a Kongrua roku 1926
|b zákon, provádění a výklad
|c sestavil: Ladislav Zavadil
|
| 260 |
|
|
|a Olomouc
|b Jednota katol.duchovních olomoucká a brněnská
|c 1928
|e Valaš. Meziříči
|f Valašská knih. a kamenotisk.
|
| 300 |
|
|
|a vii, 228 s.
|c 24 cm
|
| 650 |
0 |
7 |
|a kongrua
|2 SNKPH
|9 457740
|
| 650 |
0 |
7 |
|a duchovní
|2 SNK
|9 30498
|
| 650 |
0 |
7 |
|a zákony
|2 SNKPH
|9 1156
|
| 700 |
1 |
|
|a Zavadil, Ladislav,
|d 1861-1935
|4 com
|9 457741
|
| 958 |
|
|
|a ONDV
|
| 999 |
|
|
|c 718113
|d 720043
|
| 952 |
|
|
|t P60, <03>, [BOOK], {603}
|a SNK
|b SNK
|y PREZ
|7 0
|p 17A0138087
|o snkSC 95891
|i snkD 874/98
|0 0
|1 0
|4 0
|d 1998-05-14
|f 1
|l 0
|r 2025-09-12 00:00:00
|w 2026-02-23
|